| 000 | 01120nam a22002657a 4500 | ||
|---|---|---|---|
| 005 | 20150202121821.0 | ||
| 008 | 140714b xxu||||| |||| 00| 0 Urdu d | ||
| 010 | _aUR-8570 B-548310 | ||
| 020 | _c154.00 | ||
| 035 | _aU-7125 B-548310 | ||
| 037 | _bBPPD/Publishers/Venders | ||
| 037 | _bDBAD/Pub. | ||
| 037 | _bStar Pub.(Vend.)/Arshia Pub.(Pub.) | ||
| 040 |
_aDPL _bUrdu |
||
| 082 | _a910.848 | ||
| 100 | _aسعيد ا حمد | ||
| 245 |
_aآ ز ا د ی کے بعد ا ر د و سفر نا مہ :تنقيد و تجز یہ _cسعيد ا حمد |
||
| 246 |
_aAazadi ke Baad Urdu Safarnama( Tanqeed wa Tajaziya) _bby Sayeed Ahmad |
||
| 260 |
_bArshia Publictions _bStar Publications.( Vender) _c2012 |
||
| 260 | _a4/5Asaf Ali Road,New Delhi-110002 | ||
| 270 |
_aA-170,Ground Floor, 3,Surya Apartment, Dilshad Colony, _b دھلی _e110095 _k9971775969 |
||
| 300 |
_a280ص _c22Cm(Pb) |
||
| 942 |
_2ddc _cUR _mس ع ی _h910.848 |
||
| 999 |
_c87843 _d87843 |
||